|
|
|
|
| LEADER |
00850nam a2200169Ia 4500 |
| 008 |
150624b xxu||||| |||| 00| 0 eng d |
| 020 |
|
|
|a 1583671277
|
| 020 |
|
|
|a 1583671277
|
| 100 |
|
|
|a Chavez, Hugo
|
| 245 |
|
|
|a Understanding the Venezuelan revolution:
|b Hugo Chavez talks to Marta Harnecker /
|c Hugo Chavez
|
| 260 |
|
|
|a Delhi :
|b Daanish Books,
|c 2005.
|
| 300 |
|
|
|a 203 p.
|
| 505 |
|
|
|a 1. Roots 2. A peaceful transiton; a painful institutional birth 3. The military in the revolution and the coounterrevolution 4. The slow march toward an alternative economy 5. A sovereign and independent international policy 6. The middle clas
|
| 700 |
|
|
|a Boudin, Chesa
|e translator.
|
| 942 |
|
|
|c BK
|
| 999 |
|
|
|c 55715
|d 55715
|
| 952 |
|
|
|0 0
|1 0
|4 0
|6 923_000000000000000_187C_CHA_U
|7 0
|9 55693
|a UL
|b UL
|c ST1
|d 2012-10-27
|l 0
|o 923.187C CHA/U
|p 80185
|r 2012-10-27
|w 2012-10-27
|y BK
|